Социализъм и съревнование (Запис номер 468748)
[ съкратено ]
| 000 -Лидер | |
|---|---|
| Контролно поле с фиксирана дължина | nam a22 a 4500 |
| 003 - Код на организацията, давaща контролен номер | |
| Контролно поле | BLK |
| 005 - Дата и час на последна редакция | |
| Контролно поле | 20220730125202.0 |
| 008 - Елементи от данни с фиксирана дължина | |
| fixed length control field | 220730b bu |||||r|||| 00| | bu d |
| 040 ## - Източник на каталожния запис | |
| Идентификатор на билиотеката - собственик на записа | BLK |
| 041 ## - Код за език | |
| Код за езика на текст/звукозапис или на отделно заглавие | Български |
| Код за езика КДБФ | Български |
| 080 ## - УДК | |
| Текстов определител УДК | Работен процес - Организация, изпълнение на работния процес. Индивидуална и групова работа. Организация на работното място. Механизация и автоматизация на труда |
| УДК код - определител по УДК | 331.103.2 |
| УДК - код + определител | 331.103.2 |
| 100 ## - Редна дума - Автор | |
| R(LIN) | 478745 |
| Автор | Фединин, Василий Кузмич |
| Авторска отговорност | първи автор |
| 139 ## - Редно поле | |
| Редна дума | Фединин, Василий Кузмич |
| 245 ## - Сведения за заглавието | |
| Заглавие | Социализъм и съревнование |
| Редно поле (дума) | В. К. Фединин ; прев. от рус. Елеонора Тодорова |
| 260 ## - Област на издателските данни | |
| 9 (RLIN) | 210729 |
| Място на издаване, разпространение и проч. | София |
| Име на издателя, разпространителя и проч. | Профиздат |
| Година на издаване | 1972 |
| 300 ## - Физическа характеристика | |
| Страници | 152 с. |
| Размери/Мащаб | 20 см |
| 380 ## - Жанр | |
| Жанр | Обществени науки |
| 490 ## - СЕРИИ (Колекции) | |
| 9 (RLIN) | 206016 |
| Име на серия | Библиотека В помощ на профсъюзния активист |
| №: серия | 1 - 2 |
| 500 ## - Общи забележки | |
| Забележка | Ориг. загл. Социализм и соревнование |
| 650 #0 - Допълнително описание по предмет – тема | |
| 9 (RLIN) | 316688 |
| Основно описание – тема или топоним | Социалистическо съревнование |
| 700 ## - Други автори (авторска отговорност) | |
| 9 (RLIN) | 315247 |
| Лично име | Тодорова, Елеонора Цветкова |
| Автороска отговорност (Описва отношението между автора и произведението) | прев. от рус. |
| 852 ## - Местоположение | |
| Форматна сигнатура | Цб 62176 |
| Фондова буква | Хранилище |
| 999 ## - СИСТЕМНИ КОНТРОЛНИ НОМЕРА | |
| Koha biblionumber | 468748 |
| Koha biblioitemnumber | 468748 |
| 942 ## - АРТИКУЛИ | |
| Вид на библиотечния материал | Книги |
| Скрит в OPAC | Не |
| Периодичен библиозапис | Да |
| 944 ## - СЪЗДАВАНЕ И РЕДАКЦИЯ на ЗАПИСА | |
| Създаване/Редакция | Създаване |
| Дата на регистрацията/редакция | 2022-07-30 |
| Служител, извършил регистрацията/редакцията | ГГГ |
| Код за отписване | Код за изгубен артикул | Източник на класификационната схема | Код за повреда | Коз за рестрикции | Код за отдаване | Артикулен № | Име на библиотеката - собственик | Име на библиотеката, в която се намира в момента | Статус (Текущо местоположение) | Дата на вписване в системата | Местоположение - отдел | Цена в лева | Инвентарен номер | Систематично азбучна сигнатура | Баркод | Цена в евро | Служебен тип на артикула |
|---|---|---|---|---|---|---|---|---|---|---|---|---|---|---|---|---|---|
| Не е изгубен | Universal Decimal Classification | Не е повреден | само за читалня | ползва се в читалня | 897996 | Регионална библиотека "Любен Каравелов" Русе | Регионална библиотека "Любен Каравелов" Русе | Хранилище | 2022-08-01 | Хранилище | 0.50 | 112391 | Цб 62176 | 120000112391 | 0.26 | Книги |